Catálogo público

Normal view MARC view

Entry Nombre de reunión

Number of records used in: 1

001 - NÚMERO DE CONTROL

  • campo de control: 162000

003 - IDENTIFICADOR DEL NÚMERO DE CONTROL

  • campo de control: OSt

005 - FECHA Y HORA DE LA ÚLTIMA TRANSACCIÓN

  • campo de control: 20220127160707.0

008 - DATOS DE LONGITUD FIJA

  • campo de control de longitud fija: 220127|| aca||aabn | a|a d

040 ## - FUENTE DE LA CATALOGACIÓN

  • Centro catalogador/agencia de origen: OSt
  • Centro/agencia transcriptor: OSt

111 ## - ENCABEZAMIENTO--NOMBRE DE CONGRESO/REUNIÓN

  • Nombre de congreso/reunión o jurisdicción como elemento de entrada: Taller Internacional Nuevas Oportunidades para los Sistemas de Rumiantes de Aptitud Lechera y de Doble Propósito : gestión de recursos, seguridad alimentaria, calidad y acceso de mercados (2006 jun 28-30 : Ixtapan de la Sal, México)

670 ## - FUENTE DE DATOS ENCONTRADOS

  • Cita de la fuente: Work cat.: (OSt)177723: Taller Internacional Nuevas Oportunidades para los Sistemas de Rumiantes de Aptitud Lechera y de Doble Propósito : gestión de recursos, seguridad alimentaria, calidad y acceso de mercados (2006 jun 28-30 : Ixtapan de la Sal, México), Oportunidades y retos para los sistemas campesinos de rumiantes en latinoamérica : manejo de recursos, seguridad alimentaria, calidad y acceso a mercados /, 2008